The tigerclaw tree / (Record no. 139363)

MARC details
000 -LEADER
fixed length control field 00630nam a22002177a 4500
005 - DATE AND TIME OF LATEST TRANSACTION
control field 20221213160038.0
010 ## - LCCN (DPL NO)
LC control number ENG-117989 ENG-135850
020 ## - INTERNATIONAL STANDARD BOOK NUMBER
International Standard Book Number 9789380658629
Terms of availability 295.00
020 ## - INTERNATIONAL STANDARD BOOK NUMBER
International Standard Book Number 9789380658629
Terms of availability 415.00
035 ## - SYSTEM CONTROL NUMBER
System control number EN-101521
035 ## - SYSTEM CONTROL NUMBER
System control number EN-119382
037 ## - SOURCE OF ACQUISITION
Source of stock number/acquisition DBAD/PUB
082 ## - DEWEY DECIMAL CLASSIFICATION NUMBER
Classification number N
100 ## - MAIN ENTRY--PERSONAL NAME
Personal name Krishnan,P.A.
245 ## - TITLE STATEMENT
Title The tigerclaw tree /
Statement of responsibility, etc by P.A. Krishnan
260 ## - PUBLICATION, DISTRIBUTION, ETC. (IMPRINT)
Place of publication, distribution, etc Chennai
Name of publisher, distributor, etc Tranquebar Press
Date of publication, distribution, etc 1998
270 ## - ADDRESS
Address Venkar Towers, 165,P.H. Road Opp Madhuravoyal Municipal Office
City Chennai
Postal code 600095
300 ## - PHYSICAL DESCRIPTION
Extent iv,323p.
Other physical details Glossary
Dimensions 20cm(pbk)
500 ## - GENERAL NOTE
General note Glossary
942 ## - ADDED ENTRY ELEMENTS (KOHA)
Source of classification or shelving scheme Dewey Decimal Classification
Item type English Books
Classification part N
Call number suffix KRI
Holdings
Withdrawn status Lost status Not for loan Collection code Home library Current library Date acquired Source of acquisition Cost, normal purchase price Full call number Barcode Copy number Cost, replacement price Koha item type
      Fiction Ashok Vihar Ashok Vihar 28/04/2017 DBAD/PUB 295.00 N KRI EN-101521 1 295.00 English Books
      Fiction D.B.Act.Division Mobile Library 13/12/2022 DBAD/PUB 415.00 N KRI EN-119382 1 415.00 English Books

© Delhi Public Library
Hit Counter
free hit counter